La religión, el mundo y el cuerpo

محفوظ في:
التفاصيل البيبلوغرافية
المؤلف الرئيسي: Panikkar, Raimon (Panikkar, Raimundo) (autor)
التنسيق: كتاب
اللغة:الإسبانية
منشور في: Barcelona Herder 2014
الطبعة:1a. ed
الموضوعات:
الوسوم: إضافة وسم
لا توجد وسوم, كن أول من يضع وسما على هذه التسجيلة!

MARC

LEADER 00000cam a2200000 a 4500
001 UCD1102
003 CL-VaPUC
008 160107e20140000sp |||||||||||||||||spa|d
020 |a 9788425430923 
082 0 4 |a 113  |b PAN  |2 21 
100 |a Panikkar, Raimon  |q (Panikkar, Raimundo)  |e autor  |9 355650 
245 1 3 |a La religión, el mundo y el cuerpo 
250 |a 1a. ed 
300 |a 153 p 
942 |c BK 
945 |d 20160107 17:53:00  |a dcastane 
260 |a Barcelona  |b Herder  |c 2014 
650 0 |a Cosmología  |9 269138 
650 0 |a Espiritualidad   |9 267331 
650 0 |a Conciencia  |9 309452 
650 0 |a Naturaleza humana   |9 308593 
583 |a last modification  |c 20160107 17:53:00  |k Rodrigo Vera 
999 |c 362527  |d 362525 
952 |0 0  |1 0  |3 erb  |4 0  |6 113_000000000000000_PAN_2014  |7 0  |8 A  |9 473823  |a BIBTEO  |b BIBTEO  |i 5260388  |o 113 PAN 2014  |p 5260388  |r 2025-01-17  |w 2019-11-24  |y BK  |z Catalogado en:20160107  |k ICR